Progress and prospects in endocrinology
Sparad:
| Materialtyp: | Bok |
|---|---|
| Språk: | Undetermined |
| Publicerad: |
Tokyo
Center for Academic Publications Japan
1983
|
| Ämnen: | |
| Taggar: |
Lägg till en tagg
Inga taggar, Lägg till första taggen!
|
| Thư viện lưu trữ: | Trung tâm Học liệu Trường Đại học Cần Thơ |
|---|
| LEADER | 00592nam a2200181Ia 4500 | ||
|---|---|---|---|
| 001 | CTU_127213 | ||
| 008 | 210402s9999 xx 000 0 und d | ||
| 082 | |a 599.0142 | ||
| 082 | |b M718/Vol.20 | ||
| 245 | 0 | |a Progress and prospects in endocrinology | |
| 245 | 0 | |c Edited by Institute of Endocrinology Gunma University | |
| 260 | |a Tokyo | ||
| 260 | |b Center for Academic Publications Japan | ||
| 260 | |c 1983 | ||
| 650 | |a Endocrine glands,Endocrinology,Hormones | ||
| 650 | |x Congresses,Congresses,Congresses | ||
| 904 | |i Hiếu | ||
| 980 | |a Trung tâm Học liệu Trường Đại học Cần Thơ | ||